000 00293nam a22001337a 4500
008 171013b xxu||||| |||| 00| 0 eng d
020 _a9780071592819
041 _aeng
080 _a330.322
100 _a51
101 _aINV
245 _aWHEN MARKETS GOLLIDE
_cELERIAN,M
942 _2udc
_cBK
999 _c33832
_d33832